Le più grandi storie d'amore di tutti i tempi /

Guardat en:
Dades bibliogràfiques
Autor principal: Casalegno, Carla (Autor)
Format: Llibre
Idioma:italià
Publicat: Casale Monferrato : Piemme, 1995
Matèries:
Etiquetes: Afegir etiqueta
Sense etiquetes, Sigues el primer a etiquetar aquest registre!

MARC

LEADER 00000nam a2200000 i 4500
001 IT\ICCU\LO1\0370567
003 ItRI
005 20250720004922.0
008 950713s1995 it |||||| ||||| |||||c
015 |2 IT  |a 95-9738 
020 |a 8838423385 
040 |b ita  |c ct 
041 7 |a ita  |2 ISO-639-2 
082 |a 920.71  |2 20 
100 1 |a Casalegno, Carla  |0 IT\ICCU\CFIV\047069  |4 aut 
245 1 3 |a Le più grandi storie d'amore di tutti i tempi /  |c Carla Casalegno. 
260 |a Casale Monferrato :  |b Piemme,  |c 1995 
300 |a 287 p. ;  |c 24 cm. 
650 7 |a Donne celebri  |x Amori  |2 scbi 
650 7 |a Uomini celebri  |x Amori  |2 scbi 
942 |2 ddc  |c BK 
952 |0 0  |1 0  |2 ddc  |4 0  |7 0  |9 8911  |a MI  |b MI  |d 2009-08-24  |i 5448  |l 0  |p CDOM5448  |r 2025-07-17 21:50:39  |w 2025-07-17  |x DONO  |y BK 
981 1 |6 z01  |a i   |b xxxe  
982 1 |6 z01  |a n 
999 |c 7410  |d 7410